Výroba a separácia vyšších propylénglykolov

Salvato in:
Dettagli Bibliografici
Autore principale: Seitz, Juraj (Autore)
Altri autori: Labovská, Zuzana (Relatore della tesi)
Natura: Manoscritto Libro
Lingua:slovacco
Pubblicazione: 2018
Soggetti:
Accesso online:http://is.stuba.sk/zp/portal_zp.pl?podrobnosti=119508
Tags: Aggiungi Tag
Nessun Tag, puoi essere il primo ad aggiungerne!!

MARC

LEADER 00000ntm a22000003a 4500
001 stuzp69899
003 SK-STU
005 20180623211142.3
007 ta
008 150427s2015----xo-----f-mn---000-0-slo-d
040 |a STU  |b slo 
041 0 |a slo 
100 1 |a Seitz, Juraj  |u 046000  |4 aut  |U FCHPT Fakulta chemickej a potravinárskej technológie  |T FCHPT Ústav chemického a environmentálneho inžinierstva  |X 76875  |U C6000  |Y 104  |7 76875 
242 0 1 |a Production and Separation of Propylene Glycols  |y eng 
245 1 0 |a Výroba a separácia vyšších propylénglykolov 
260 |c 2018 
650 4 |a prúdová schéma  |2 slo 
650 4 |a výroba tripropylén glykolu  |2 slo 
650 4 |a rektifikácia  |2 slo 
650 4 |a reaktor  |2 slo 
650 4 |a expandér  |2 slo 
650 4 |a production of tripropyleglycol  |2 eng 
650 4 |a rectification  |2 eng 
650 4 |a reactor  |2 eng 
650 4 |a vapour liquid separator  |2 eng 
650 4 |a process flow diagram  |2 eng 
700 1 |a Labovská, Zuzana  |u 046230  |k Z1  |4 ths  |U FCHPT Ústav chemického a environmentálneho inžinierstva  |T FCHPT Oddelenie chemického a biochemického inžinierstva  |X 10276  |U C6230  |Y 119  |7 A000010276 
856 4 |u http://is.stuba.sk/zp/portal_zp.pl?podrobnosti=119508